Vista normal
Vista MARC
Entrada Nombre geográfico
Número de registros utilizados en: 3
001 - NÚMERO DE CONTROL
- campo de control: 13344
003 - IDENTIFICADOR DE NÚMERO DE CONTROL
- campo de control: mxcmmo
005 - FECHA Y HORA DE LA ÚLTIMA TRANSACCIÓN
- campo de control: 20241017232229.0
008 - ELEMENTOS DE DATO DE LONGITUD-FIJA
- campo de control de longitud fija: 241017|| aca||aabn | a|a d
040 ## - FUENTE DE CATALOGACIÓN
- Centro catalogador/agencia de origen: mxcmmo
- Centro/agencia transcriptor: mxcmmo
151 ## - ENCABEZAMIENTO--NOMBRE GEOGRÁFICO
- Nombre geográfico: Yucatán
- Subdivisión general: Política y gobierno
- Subdivisión cronológica: 1934-1940
670 ## - FUENTE DE DATOS ENCONTRADOS
- Cita de la fuente: Work cat.: (mxcmmo)5663: Piña Soria, Antolin autor 13342, El caso de Yucatán ante la ley